[Event "Pinneberg-ch"]
[Site "Pinneberg"]
[Date "2018.09.27"]
[Round "7"]
[White "Bohn, Christoph"]
[Black "Meyer, Winfried"]
[Result "1-0"]
[WhiteElo "1738"]
[BlackElo "1656"]
[PlyCount "103"]
[EventDate "2018.08.16"]
[EventType "swiss"]
[EventRounds "7"]
[EventCountry "GER"]
[SourceTitle "EXT 2019"]
[Source "ChessBase"]
[SourceDate "2018.10.10"]
[SourceVersion "1"]
[SourceVersionDate "2018.10.10"]
[SourceQuality "1"]

1. e4 c5 2. Nf3 Nc6 3. d4 cxd4 4. Nxd4 g6 5. c4 Bg7 6. Nxc6 bxc6 7. Nc3 d6 8. Be3 Nf6 9. Be2 Be6 10. 0-0 0-0 11. f4 Qa5 12. Qe1 Rfe8 13. Qf2 Qb4 14. Rfc1 a6 15. f5 Bxc4 16. Bxc4 Qxc4 17. fxg6 fxg6 18. Qf3 Qe6 19. Re1 Rf8 20. Qd1 Rab8 21. Qc2 Ng4 22. h3 Nxe3 23. Rxe3 Bd4 24. Rae1 Kg7 25. Qc1 Qf6 26. Nd1 Qf4 27. Kh1 Bxe3 28. Nxe3 Qf2 29. Qc3+ e5 30. Ng4 Qxb2 31. Qxc6 Qd2 32. Rc1 Rb2 33. Rg1 h5 34. Nh2 Rf2 35. Qd7+ Rf7 36. Qe6 Rxa2 37. Qc4 Qf2 38. Qd3 Qd2 39. Qb3 Rf2 40. Nf3 Rxg2 41. Nxd2 Rgxd2 42. Qg3 Kh8 43. h4 a5 44. Qh3 a4 45. Qc8+ Kh7 46. Qd7+ Kh6 47. Qh3 a3 48. Qg3 Rh2+ 49. Qxh2 Rxh2+ 50. Kxh2 g5 51. Rxg5 a2 52. Rg1 1-0

[Event "Pinneberg-ch"]
[Site "Pinneberg"]
[Date "2018.09.13"]
[Round "5"]
[White "Klein, Franz"]
[Black "Bohn, Christoph"]
[Result "1/2-1/2"]
[WhiteElo "1583"]
[BlackElo "1738"]
[PlyCount "41"]
[EventDate "2018.08.16"]
[EventType "swiss"]
[EventRounds "7"]
[EventCountry "GER"]
[SourceTitle "EXT 2019"]
[Source "ChessBase"]
[SourceDate "2018.10.10"]
[SourceVersion "1"]
[SourceVersionDate "2018.10.10"]
[SourceQuality "1"]

1. e4 e5 2. f4 d6 3. Nf3 Nc6 4. Bb5 Nf6 5. d3 Bg4 6. 0-0 a6 7. Bxc6+ bxc6 8. h3 Be6 9. c3 exf4 10. Bxf4 h6 11. Nd4 Qd7 12. Nd2 c5 13. Nc2 Be7 14. Ne3 0-0 15. b3 c6 16. c4 Rad8 17. Qe2 Qc8 18. Rad1 Rfe8 19. Qf3 Nh7 20. g4 Bf6 21. Nf5 1/2-1/2

[Event "Pinneberg-ch"]
[Site "Pinneberg"]
[Date "2018.08.16"]
[Round "1"]
[White "Partus, Emma"]
[Black "Bohn, Christoph"]
[Result "0-1"]
[WhiteElo "1421"]
[BlackElo "1738"]
[PlyCount "64"]
[EventDate "2018.08.16"]
[EventType "swiss"]
[EventRounds "7"]
[EventCountry "GER"]
[SourceTitle "EXT 2019"]
[Source "ChessBase"]
[SourceDate "2018.10.10"]
[SourceVersion "1"]
[SourceVersionDate "2018.10.10"]
[SourceQuality "1"]

1. e4 e5 2. Nf3 Nc6 3. d4 exd4 4. Nxd4 Nf6 5. Bg5 Bb4+ 6. c3 Be7 7. Nxc6 bxc6 8. e5 Nd5 9. Be3 Nxe3 10. fxe3 Bc5 11. Qf3 Qg5 12. Bc4 Qh4+ 13. g3 Qxc4 14. Qe2 Ba6 15. Qxc4 Bxc4 16. Kf2 0-0 17. Nd2 Bd5 18. Rhd1 f6 19. c4 fxe5+ 20. Ke2 Be6 21. Re1 Bg4+ 22. Kd3 Bb4 23. Rf1 Bh3 24. Rxf8+ Rxf8 25. Nb3 Rf2 26. a3 Rxb2 27. axb4 Rxb3+ 28. Ke4 d6 29. Rxa7 Bg2+ 30. Kf5 Bh3+ 31. Ke4 g6 32. Rxc7 Bg2# 0-1

[Event "GER-chT Betriebe 15th"]
[Site "Munich"]
[Date "2015.10.23"]
[Round "3.3"]
[White "Hofbauer, Bernhard"]
[Black "Bohn, Christoph"]
[Result "1/2-1/2"]
[WhiteElo "1954"]
[BlackElo "1920"]
[PlyCount "51"]
[EventDate "2015.10.22"]
[EventType "team-swiss"]
[EventRounds "7"]
[EventCountry "GER"]
[SourceTitle "EXT 2020"]
[Source "ChessBase"]
[SourceDate "2019.10.17"]
[SourceVersion "1"]
[SourceVersionDate "2019.10.17"]
[SourceQuality "1"]
[WhiteTeam "Fiducia IT"]
[BlackTeam "Hamburg Transit"]
[WhiteTeamCountry "GER"]
[BlackTeamCountry "GER"]

1. e4 e5 2. Nc3 Nc6 3. Nf3 Nf6 4. d4 exd4 5. Nxd4 d6 6. Nxc6 bxc6 7. Bd3 Be7 8. 0-0 0-0 9. b3 Bg4 10. f3 Be6 11. Bb2 Qd7 12. Qe1 Kh8 13. f4 g6 14. Ne2 Rg8 15. Ng3 Rg7 16. f5 gxf5 17. exf5 Bd5 18. c4 Bxg2 19. Kxg2 Rag8 20. Kh1 d5 21. Rd1 d4 22. Qf2 c5 23. Qf3 Bd6 24. Rg1 Ng4 25. Bc1 c6 26. f6 1/2-1/2

[Event "GER-chT Betriebe 14th"]
[Site "Dresden"]
[Date "2014.11.21"]
[Round "4.4"]
[White "Pilhoefer, Bernd"]
[Black "Bohn, Christoph"]
[Result "0-1"]
[WhiteElo "1547"]
[BlackElo "1920"]
[PlyCount "124"]
[EventDate "2014.11.20"]
[EventType "team-swiss"]
[EventRounds "7"]
[EventCountry "GER"]
[SourceTitle "EXT 2020"]
[Source "ChessBase"]
[SourceDate "2019.10.17"]
[SourceVersion "1"]
[SourceVersionDate "2019.10.17"]
[SourceQuality "1"]
[WhiteTeam "Augsburg Osram"]
[BlackTeam "Hamburg Transit"]
[WhiteTeamCountry "GER"]
[BlackTeamCountry "GER"]

1. e4 e5 2. c3 Nf6 3. d3 Be7 4. f4 d6 5. Be2 Nc6 6. Nf3 Bg4 7. 0-0 0-0 8. h3 Bxf3 9. Bxf3 exf4 10. Bxf4 Ne5 11. Be2 c6 12. Nd2 Qb6+ 13. d4 Rfe8 14. Kh1 Ng6 15. Nc4 Qc7 16. Nd2 Rad8 17. Bg3 Bf8 18. Qc2 c5 19. d5 a6 20. c4 Nd7 21. Rf2 Nde5 22. Raf1 Be7 23. Nf3 Nxf3 24. Rxf3 Rf8 25. Rf5 Nh4 26. Rh5 Ng6 27. e5 dxe5 28. Bg4 Bd6 29. Qe4 Rde8 30. Rff5 h6 31. Rf1 Nf4 32. Bxf4 exf4 33. Qc2 Qe7 34. Bf3 Qf6 35. g4 fxg3 36. Rf5 Qd4 37. Qc1 Qe3 38. Qc2 Re5 39. Rxe5 Qxe5 40. Bg2 Re8 41. Qb3 Qe7 42. Qf3 Rf8 43. Qh5 Qg5 44. Qd1 Re8 45. Qf3 f6 46. Qd3 Re3 47. Qd1 f5 48. a3 Qf6 49. b4 cxb4 50. axb4 Bxb4 51. Qa4 Bd6 52. Qd7 f4 53. Qg4 Qe5 54. c5 Bxc5 55. Rxf4 Re1+ 56. Rf1 Rxf1+ 57. Bxf1 Bd6 58. Qc8+ Kf7 59. Qd7+ Kf6 60. Qd8+ Be7 61. Qb6+ Kg5 62. Qb3 Qe4+ 0-1

[Event "GER-chT Betriebe 14th"]
[Site "Dresden"]
[Date "2014.11.20"]
[Round "2.4"]
[White "Nayebi, Babak"]
[Black "Bohn, Christoph"]
[Result "1-0"]
[WhiteElo "1627"]
[BlackElo "1920"]
[PlyCount "41"]
[EventDate "2014.11.20"]
[EventType "team-swiss"]
[EventRounds "7"]
[EventCountry "GER"]
[SourceTitle "EXT 2020"]
[Source "ChessBase"]
[SourceDate "2019.10.17"]
[SourceVersion "1"]
[SourceVersionDate "2019.10.17"]
[SourceQuality "1"]
[WhiteTeam "Altenberg Europark"]
[BlackTeam "Hamburg Transit"]
[WhiteTeamCountry "GER"]
[BlackTeamCountry "GER"]

1. d4 f5 2. g4 d5 3. Qd3 fxg4 4. h3 g6 5. hxg4 Bxg4 6. Bh3 Bxh3 7. Nxh3 Nc6 8. Ng5 Nb4 9. Qb5+ Nc6 10. Qxb7 Nxd4 11. Qa6 Qd6 12. Qa4+ Nc6 13. Nc3 a6 14. Bf4 Qd7 15. 0-0-0 e6 16. e4 d4 17. Nxh7 Bg7 18. Ne2 e5 19. Bg5 Bh6 20. Rxh6 Nxh6 21. Nf6+ 1-0

[Event "Hamburg St Pauli op-A"]
[Site "Hamburg"]
[Date "2011.07.14"]
[Round "7"]
[White "Becker, Thomas3333"]
[Black "Bohn, Christoph"]
[Result "1-0"]
[WhiteElo "2050"]
[BlackElo "1928"]
[PlyCount "117"]
[EventDate "2011.07.09"]
[EventType "swiss"]
[EventRounds "9"]
[EventCountry "GER"]
[SourceTitle "CBM 143 Extra"]
[Source "ChessBase"]
[SourceDate "2011.08.29"]
[SourceVersion "1"]
[SourceVersionDate "2011.08.29"]
[SourceQuality "1"]

1. e4 e5 2. Nf3 Nc6 3. d4 exd4 4. Nxd4 Bc5 5. Be3 Nxd4 6. Bxd4 Bxd4 7. Qxd4 Qf6 8. e5 Qb6 9. Qxb6 axb6 10. Nc3 f6 11. Nd5 Kd8 12. exf6 Nxf6 13. Nxf6 gxf6 14. Bd3 d6 15. Kd2 Ra5 16. a3 Bf5 17. c4 Bxd3 18. Kxd3 Rf5 19. f3 Rg8 20. Rhg1 Re5 21. Rad1 Rge8 22. Rd2 Re3+ 23. Kc2 R8e5 24. Rgd1 b5 25. cxb5 Rc5+ 26. Kb1 Rxb5 27. Rd3 Rbe5 28. Rxe3 Rxe3 29. Rd4 Re2 30. Rg4 Re7 31. Rg8+ Kd7 32. Kc1 d5 33. Kd2 c5 34. h4 Ke6 35. g4 Ke5 36. Rf8 h5 37. gxh5 Rh7 38. Rb8 Rxh5 39. Rxb7 Rxh4 40. Rc7 Kd4 41. a4 Rh2+ 42. Kc1 c4 43. Rf7 Kd3 44. Kb1 Rh1+ 45. Ka2 Ke3 46. a5 d4 47. a6 Rh8 48. Rxf6 d3 49. b4 Rh2+ 50. Ka3 Kd2 51. b5 c3 52. a7 Rh1 53. Kb3 c2 54. Rc6 Rb1+ 55. Ka2 Rxb5 56. a8Q c1Q 57. Rxc1 Kxc1 58. Qc6+ Kd1 59. Qxb5 1-0

[Event "Hamburg St Pauli op-A"]
[Site "Hamburg"]
[Date "2011.07.10"]
[Round "2"]
[White "Bohn, Christoph"]
[Black "Hartkopf, Uwe"]
[Result "0-1"]
[WhiteElo "1928"]
[BlackElo "2064"]
[PlyCount "114"]
[EventDate "2011.07.09"]
[EventType "swiss"]
[EventRounds "9"]
[EventCountry "GER"]
[SourceTitle "CBM 143 Extra"]
[Source "ChessBase"]
[SourceDate "2011.08.29"]
[SourceVersion "1"]
[SourceVersionDate "2011.08.29"]
[SourceQuality "1"]

1. e4 c5 2. Nc3 Nc6 3. g3 g6 4. Bg2 Bg7 5. f4 d6 6. Nf3 e6 7. 0-0 Nge7 8. d3 0-0 9. Be3 Bd7 10. Qd2 b6 11. d4 Na5 12. b3 Qc7 13. Rae1 Rac8 14. dxc5 dxc5 15. f5 exf5 16. Bf4 Qd8 17. e5 Bc6 18. Qe3 Nb7 19. Rd1 Qe8 20. Rd2 Nd8 21. Rfd1 Ne6 22. Bg5 Nxg5 23. Nxg5 Bxg2 24. Kxg2 Nc6 25. Nf3 Nxe5 26. Nxe5 Bxe5 27. Rd7 Rc7 28. Rxc7 Bxc7 29. Qf3 Be5 30. Nd5 Kg7 31. c4 Bd4 32. Rd2 Qe4 33. Re2 Qxf3+ 34. Kxf3 Bf6 35. h4 Rd8 36. Kf4 Rd7 37. h5 Bd4 38. Rh2 h6 39. Re2 b5 40. Re8 bxc4 41. bxc4 Rb7 42. Ra8 Bb2 43. a4 Bc1+ 44. Ke5 Bd2 45. Kd6 Be1 46. Kxc5 Bxg3 47. hxg6 fxg6 48. Kc6 Rf7 49. a5 f4 50. Rb8 f3 51. Rb7 g5 52. Ne3 Rxb7 53. Kxb7 Bf2 54. Nf5+ Kg6 55. Ne7+ Kf6 56. Nd5+ Ke5 57. Kc6 Bd4 0-1

[Event "Hamburg St Pauli op-A"]
[Site "Hamburg"]
[Date "2010.07.13"]
[Round "4"]
[White "Welz, Peter"]
[Black "Bohn, Christoph"]
[Result "1-0"]
[WhiteElo "2151"]
[BlackElo "1921"]
[PlyCount "65"]
[EventDate "2010.07.10"]
[EventType "swiss"]
[EventRounds "9"]
[EventCountry "GER"]
[SourceTitle "EXT 2013"]
[Source "ChessBase"]
[SourceDate "2012.11.22"]
[SourceVersion "1"]
[SourceVersionDate "2012.11.22"]
[SourceQuality "1"]

1. e4 e5 2. Nf3 Nc6 3. d4 exd4 4. Nxd4 Bc5 5. Nb3 Bb6 6. a4 a6 7. Nc3 Qf6 8. Qe2 Nge7 9. Nd5 Nxd5 10. exd5+ Ne7 11. h4 d6 12. a5 Ba7 13. Ra4 h6 14. Rf4 Qe5 15. Re4 Qf6 16. g4 Kd8 17. g5 Qf5 18. Rxe7 Bxf2+ 19. Qxf2 Qxf2+ 20. Kxf2 Kxe7 21. gxh6 gxh6 22. Bd3 Bd7 23. Nd4 Rae8 24. c4 Kd8 25. b4 c6 26. Bf4 c5 27. bxc5 dxc5 28. Nf5 Bxf5 29. Bxf5 Ke7 30. Be5 Rhg8 31. Rb1 Kf8 32. Bf6 Rb8 33. d6 1-0

[Event "Hamburger Liga Aufstieg"]
[Site "Hamburg"]
[Date "2009.08.16"]
[Round "4.18"]
[White "Bohn, Christoph"]
[Black "Raedisch, Peter"]
[Result "1-0"]
[WhiteElo "1916"]
[BlackElo "1804"]
[PlyCount "31"]
[EventDate "2009.08.08"]
[EventType "swiss"]
[EventRounds "6"]
[EventCountry "GER"]
[SourceTitle "EXT 2022"]
[Source "ChessBase"]
[SourceDate "2021.10.06"]
[SourceVersion "1"]
[SourceVersionDate "2021.10.06"]
[SourceQuality "1"]

1. e4 e5 2. Nf3 Nc6 3. Bc4 Bc5 4. 0-0 d6 5. c3 Nf6 6. d4 exd4 7. cxd4 Bb6 8. h3 Bd7 9. e5 dxe5 10. dxe5 Ne4 11. Qd5 Qe7 12. Qxe4 0-0-0 13. Nc3 Be6 14. Bg5 f6 15. Bxf6 gxf6 16. exf6 1-0

[Event "Hamburg Junge op"]
[Site "Hamburg"]
[Date "2005.10.07"]
[Round "5"]
[White "Bohn, Christoph"]
[Black "Johannsen, Dennis"]
[Result "0-1"]
[WhiteElo "1918"]
[BlackElo "2099"]
[PlyCount "110"]
[EventDate "2005.10.01"]
[EventType "swiss"]
[EventRounds "9"]
[EventCountry "GER"]
[SourceTitle "CBM 108 Extra"]
[Source "ChessBase"]
[SourceDate "2005.11.04"]
[SourceVersion "1"]
[SourceVersionDate "2005.11.04"]
[SourceQuality "1"]

1. c4 Nf6 2. Nc3 g6 3. g3 d5 4. cxd5 Nxd5 5. Bg2 Nb6 6. Nf3 Bg7 7. 0-0 Nc6 8. a3 0-0 9. d3 Bf5 10. Bd2 Qd7 11. Rc1 Bh3 12. b4 Bxg2 13. Kxg2 Rad8 14. Rc2 a5 15. Ne4 axb4 16. Nc5 Qc8 17. axb4 Na7 18. Qc1 Rfe8 19. Bh6 Bh8 20. Qf4 Nd5 21. Qc4 c6 22. Ng5 Nb5 23. Qa2 Nd6 24. Rb1 Qg4 25. Nge4 Ra8 26. Qb3 Nb5 27. Rc4 Qh5 28. Bc1 Nd4 29. Rxd4 Bxd4 30. e3 Bg7 31. Nxb7 Reb8 32. Nec5 Qe2 33. d4 Ra2 34. Rb2 Rxb2 35. Bxb2 Qb5 36. Na5 Nxb4 37. Nc4 Nd5 38. Qa2 Nb6 39. Nxb6 Qxb6 40. Bc3 Qd8 41. Qa7 Rb5 42. Nd7 Qc8 43. Nc5 Bf8 44. e4 Rb1 45. Qa4 Bg7 46. h3 h5 47. Qc4 h4 48. gxh4 Bf6 49. Qd3 Qb8 50. Nd7 Qb5 51. Nxf6+ exf6 52. Qf3 Qf1+ 53. Kg3 Rd1 54. Kg4 Rd3 55. Qxf6 Qg2+ 0-1

[Event "Pinneberg-ch"]
[Site "Pinneberg"]
[Date "2005.09.22"]
[Round "7"]
[White "Dangelowski, Peter"]
[Black "Bohn, Christoph"]
[Result "0-1"]
[WhiteElo "1748"]
[BlackElo "1918"]
[PlyCount "58"]
[EventDate "2005.08.11"]
[EventType "swiss"]
[EventRounds "7"]
[EventCountry "GER"]
[SourceTitle "EXT 2006"]
[Source "ChessBase"]
[SourceDate "2005.11.24"]
[SourceVersion "1"]
[SourceVersionDate "2005.11.24"]
[SourceQuality "1"]

1. d4 e6 2. Bf4 Bb4+ 3. c3 Be7 4. Nf3 Nf6 5. h3 b6 6. e3 Bb7 7. Nbd2 d6 8. Bd3 Nbd7 9. Qc2 c5 10. 0-0 Rc8 11. Rfe1 cxd4 12. exd4 Nd5 13. Bg3 Nb4 14. Qb1 Nxd3 15. Qxd3 0-0 16. Qe3 Nf6 17. Qe2 Kh8 18. Bh2 Rg8 19. Ng5 Rf8 20. Nge4 Qd7 21. Nxf6 gxf6 22. Qh5 Rg8 23. Nf3 Rg7 24. Re3 Rcg8 25. Ne1 Bxg2 26. Rg3 Bb7 27. Rd1 f5 28. Ng2 Rxg3 29. Bxg3 Bxg2 0-1

[Event "Hamburg League qual"]
[Site "Hamburg"]
[Date "2004.10.30"]
[Round "6"]
[White "Colpe, Malte"]
[Black "Bohn, Christoph"]
[Result "1-0"]
[WhiteElo "1733"]
[BlackElo "1918"]
[PlyCount "143"]
[EventDate "2004.10.09"]
[EventType "swiss"]
[EventRounds "7"]
[EventCountry "GER"]
[SourceTitle "EXT 2006"]
[Source "ChessBase"]
[SourceDate "2005.11.24"]
[SourceVersion "1"]
[SourceVersionDate "2005.11.24"]
[SourceQuality "1"]

1. d4 Nf6 2. Nf3 d6 3. c4 g6 4. Nc3 Bg7 5. e4 0-0 6. Be2 Bg4 7. 0-0 Nbd7 8. h3 Bxf3 9. Bxf3 e5 10. d5 h6 11. Be3 Ne8 12. a4 a5 13. Rb1 f5 14. b4 f4 15. Bc1 axb4 16. Rxb4 Nc5 17. Ba3 Nf6 18. Rb5 Nfd7 19. Bg4 b6 20. Bxd7 Nxd7 21. Bb4 f3 22. g3 g5 23. Kh2 g4 24. h4 Bf6 25. Qd2 Kh7 26. Rh1 Bxh4 27. gxh4 Qxh4+ 28. Kg1 Qf6 29. Ba3 Rg8 30. Bc1 Rg6 31. Kf1 Kg7 32. Rh5 Rh8 33. Nd1 g3 34. fxg3 Rxg3 35. Ne3 Rg1+ 36. Kxg1 Qg6+ 37. Kf1 Qxh5 38. Nf5+ Kg6 39. Rb2 Qh1+ 40. Kf2 Qg2+ 41. Ke3 Qg4 42. Qe1 Nc5 43. Qg3 h5 44. Rh2 Qxg3 45. Nxg3 Nxa4 46. Kxf3 Nc5 47. Nf5 Ra8 48. Rg2+ Kf6 49. Bg5+ Kf7 50. Bh6 Ra3+ 51. Ne3 h4 52. Rh2 Nd3 53. Kg4 Nc5 54. Kf5 Nd3 55. Rxh4 Ra2 56. Bg5 Rf2+ 57. Kg4 Nf4 58. Rh7+ Kg6 59. Rh6+ Kf7 60. Rf6+ Kg7 61. Nf5+ Kg8 62. Nh6+ Kg7 63. Nf5+ Kg8 64. Ng3 Rc2 65. Bxf4 exf4 66. Nf5 f3 67. Kxf3 Rxc4 68. Kf4 Rc1 69. Ke3 b5 70. Nd4 Re1+ 71. Kd3 Rd1+ 72. Kc3 1-0

[Event "Pinneberg-ch"]
[Site "Pinneberg"]
[Date "2004.09.16"]
[Round "6"]
[White "Bohn, Christoph"]
[Black "Vinck, Arne"]
[Result "1-0"]
[WhiteElo "1823"]
[BlackElo "1673"]
[PlyCount "51"]
[EventDate "2004.08.12"]
[EventType "swiss"]
[EventRounds "7"]
[EventCountry "GER"]
[SourceTitle "EXT 2005"]
[Source "ChessBase"]
[SourceDate "2004.11.15"]
[SourceVersion "1"]
[SourceVersionDate "2004.11.15"]
[SourceQuality "1"]

1. c4 e6 2. d4 f5 3. Nf3 Nf6 4. Nc3 d5 5. cxd5 exd5 6. Bf4 c6 7. e3 Be7 8. Bd3 0-0 9. Qc2 Ne4 10. 0-0 g5 11. Bxb8 Rxb8 12. Ne5 Be6 13. f3 Nd6 14. Na4 Qe8 15. Nc5 Bc8 16. Rac1 Qh5 17. Ncd7 Bxd7 18. Nxd7 Rbd8 19. Nxf8 Rxf8 20. e4 fxe4 21. fxe4 dxe4 22. Rxf8+ Bxf8 23. Bxe4 Nxe4 24. Qxe4 g4 25. Rf1 g3 26. Qe6+ 1-0

[Event "Pinneberg-ch"]
[Site "Pinneberg"]
[Date "2004.09.09"]
[Round "5"]
[White "Bohn, Christoph"]
[Black "Tornier, Siegfried"]
[Result "1-0"]
[WhiteElo "1823"]
[BlackElo "1651"]
[PlyCount "64"]
[EventDate "2004.08.12"]
[EventType "swiss"]
[EventRounds "7"]
[EventCountry "GER"]
[SourceTitle "EXT 2005"]
[Source "ChessBase"]
[SourceDate "2004.11.15"]
[SourceVersion "1"]
[SourceVersionDate "2004.11.15"]
[SourceQuality "1"]

1. c4 c5 2. Nc3 e6 3. e4 Nc6 4. Nf3 d6 5. d4 cxd4 6. Nxd4 Be7 7. Be3 Nf6 8. Be2 0-0 9. 0-0 Ne5 10. f3 Bd7 11. Ndb5 Bxb5 12. Nxb5 a6 13. Nc3 Qc7 14. b3 Ned7 15. Rc1 Rad8 16. Qd2 Rfe8 17. f4 Rc8 18. g4 h6 19. Kh1 Nh7 20. Bf3 Bf6 21. Qg2 Nc5 22. g5 hxg5 23. fxg5 Be5 24. Ne2 Qa5 25. Nd4 Nd3 26. Rcd1 Nf4 27. Bxf4 Bxf4 28. Bh5 e5 29. Bxf7+ Kxf7 30. g6+ Kg8 31. gxh7+ Kxh7 32. Nf5 Re7 1-0

[Event "Pinneberg-ch"]
[Site "Pinneberg"]
[Date "2004.08.26"]
[Round "3"]
[White "Oelrichs, Manfred"]
[Black "Bohn, Christoph"]
[Result "1-0"]
[WhiteElo "1691"]
[BlackElo "1823"]
[PlyCount "37"]
[EventDate "2004.08.12"]
[EventType "swiss"]
[EventRounds "7"]
[EventCountry "GER"]
[SourceTitle "EXT 2005"]
[Source "ChessBase"]
[SourceDate "2004.11.15"]
[SourceVersion "1"]
[SourceVersionDate "2004.11.15"]
[SourceQuality "1"]

1. c4 f5 2. g3 Nf6 3. Bg2 e5 4. Nc3 Nc6 5. e4 d6 6. d3 Be7 7. Nf3 0-0 8. Nd5 fxe4 9. Nxe7+ Qxe7 10. dxe4 Bg4 11. h3 Bxf3 12. Qxf3 Qf7 13. 0-0 Qxc4 14. b3 Qe6 15. Be3 a5 16. Rfc1 Qd7 17. Qe2 Kh8 18. Qb5 Rf7 19. Qxb7 1-0

[Event "Hamburg-ch qual"]
[Site "Hamburg"]
[Date "2003.11.15"]
[Round "6.7"]
[White "Raedisch, Peter"]
[Black "Bohn, Christoph"]
[Result "1/2-1/2"]
[WhiteElo "1708"]
[BlackElo "1947"]
[PlyCount "128"]
[EventDate "2003.10.18"]
[EventType "swiss"]
[EventRounds "7"]
[EventCountry "GER"]
[EventCategory "1"]
[SourceTitle "CBM 097 Extra"]
[Source "ChessBase"]
[SourceDate "2004.01.13"]
[SourceVersion "1"]
[SourceVersionDate "2004.01.13"]
[SourceQuality "1"]

1. e4 e5 2. Nf3 Nc6 3. Bc4 Bc5 4. c3 Bb6 5. d4 exd4 6. cxd4 Nge7 7. Bg5 f6 8. Be3 d5 9. exd5 Nxd5 10. a3 Be6 11. Bb5 0-0 12. Bxc6 bxc6 13. 0-0 Qd7 14. Nbd2 Rae8 15. Rc1 Bg4 16. Qb3 Kh8 17. h3 Bh5 18. Nh2 Bf7 19. Qd3 Bg6 20. Qb3 Rb8 21. Qa4 Bd3 22. Rfe1 Rfe8 23. Qxc6 Qxc6 24. Rxc6 Bxd4 25. Ndf1 a6 26. Rd1 Bb5 27. Rcc1 Bxb2 28. Rc5 Nxe3 29. Nxe3 c6 30. Nc4 Be5 31. Nf3 Bf4 32. g3 Bc7 33. Rd7 Bxc4 34. Rxc4 Rb1+ 35. Kg2 Be5 36. Rxc6 h6 37. Rxa6 Rb2 38. Raa7 Bb8 39. Ra8 Kh7 40. Rd2 Rxd2 41. Nxd2 Kg6 42. a4 Kf7 43. a5 Bc7 44. Ra7 Re7 45. Nc4 Ke6 46. Rb7 Kd7 47. a6 Re8 48. Kf3 Kc6 49. Rb2 Ra8 50. Ra2 Kb5 51. Ne3 h5 52. h4 Rxa6 53. Rxa6 Kxa6 54. Ke4 g6 55. Kd5 Kb5 56. Ke6 Be5 57. Nd5 Bd4 58. f4 Kc4 59. Nxf6 Bf2 60. Ne4 Be1 61. Kf6 Kd4 62. Kxg6 Kxe4 63. f5 Bxg3 64. f6 Bxh4 1/2-1/2

[Event "Hamburg-ch qual"]
[Site "Hamburg"]
[Date "2003.11.09"]
[Round "5.4"]
[White "Bohn, Christoph"]
[Black "Heroiu, Alexandru"]
[Result "0-1"]
[WhiteElo "1947"]
[BlackElo "2039"]
[PlyCount "72"]
[EventDate "2003.10.18"]
[EventType "swiss"]
[EventRounds "7"]
[EventCountry "GER"]
[EventCategory "1"]
[SourceTitle "CBM 097 Extra"]
[Source "ChessBase"]
[SourceDate "2004.01.13"]
[SourceVersion "1"]
[SourceVersionDate "2004.01.13"]
[SourceQuality "1"]

1. c4 g6 2. Nc3 Nc6 3. g3 e5 4. Bg2 d6 5. e3 Bg7 6. Nge2 Be6 7. d3 Qd7 8. Rb1 a5 9. 0-0 Bh3 10. Nd5 Bxg2 11. Kxg2 h5 12. h4 Nf6 13. Nec3 0-0 14. e4 Nd4 15. Nxf6+ Bxf6 16. Nd5 Bd8 17. Bh6 Re8 18. f4 c6 19. Qa4 b5 20. cxb5 cxd5 21. fxe5 dxe5 22. Rf2 dxe4 23. dxe4 Qg4 24. Qc4 Qxe4+ 25. Kh3 Qg4+ 26. Kg2 Nf5 27. Qxg4 hxg4 28. Bd2 Bb6 29. Rff1 Rad8 30. Rbd1 Rd3 31. Bg5 Rxg3+ 32. Kh2 Rh3+ 33. Kg2 f6 34. Rxf5 gxf5 35. Bxf6 Kf7 36. Bg5 f4 0-1

[Event "Pinneberg-ch"]
[Site "Pinneberg"]
[Date "2003.09.04"]
[Round "4"]
[White "Stortz, Marcus"]
[Black "Bohn, Christoph"]
[Result "1/2-1/2"]
[WhiteElo "2105"]
[BlackElo "1947"]
[PlyCount "114"]
[EventDate "2003.08.14"]
[EventType "swiss"]
[EventRounds "7"]
[EventCountry "GER"]
[SourceTitle "EXT 2004"]
[Source "ChessBase"]
[SourceDate "2003.11.25"]
[SourceVersion "1"]
[SourceVersionDate "2003.11.25"]
[SourceQuality "1"]

1. d4 e6 2. c4 Nf6 3. Nc3 Bb4 4. e3 0-0 5. Bd3 c5 6. Nge2 d5 7. 0-0 Nc6 8. a3 Bxc3 9. bxc3 cxd4 10. cxd4 e5 11. cxd5 Nxd5 12. Bb2 exd4 13. Nxd4 Ne5 14. Bxh7+ Kxh7 15. Qh5+ Kg8 16. Qxe5 Re8 17. Qg3 Nf6 18. Nb5 Nh5 19. Qf3 Qg5 20. Nd6 Re7 21. Nxc8 Rxc8 22. Rac1 Rec7 23. Rxc7 Rxc7 24. Rc1 Rxc1+ 25. Bxc1 Qc5 26. Qd1 Nf6 27. Bb2 b5 28. h3 Nd5 29. Qd4 Qxd4 30. Bxd4 a6 31. Kf1 f6 32. Ke2 Kf7 33. Kd3 Ke6 34. g3 Ne7 35. e4 g5 36. f4 gxf4 37. gxf4 f5 38. Be5 fxe4+ 39. Kxe4 Nf5 40. Bc7 Nh4 41. Kd4 Kd7 42. Be5 a5 43. Kc5 b4 44. a4 Ng6 45. Bf6 Nxf4 46. h4 Ke6 47. Ba1 Nd3+ 48. Kc4 Nc1 49. Bb2 Na2 50. Kb5 Kf5 51. Kxa5 Kg4 52. Ka6 Kxh4 53. a5 Nc3 54. Kb7 Na4 55. Bd4 b3 56. a6 b2 57. Bxb2 Nc5+ 1/2-1/2